| 000 | 00966nam a22002537a 4500 | ||
|---|---|---|---|
| 005 | 20120219165115.0 | ||
| 008 | 120219s2012 nju|||||r|||| 001 0 eng d | ||
| 020 | _a0273752243 | ||
| 020 | _a9780273752240 | ||
| 082 |
_222 _a621.3 _bLIU |
||
| 100 |
_929008 _aLiu, Chang |
||
| 245 |
_aFoundations of MEMS / _cChang Liu. |
||
| 250 |
_a2nd ed. / _binternational edition contributions by Vaishali B. Mungurwadi, Anil V. Nandi. |
||
| 260 |
_aUpper Saddle River : _bPrentice Hall, _cc2012. |
||
| 300 |
_a576 p. : _bill ; _c23 cm. |
||
| 500 | _a"International edition". | ||
| 504 | _aIncludes bibliographical references and index. | ||
| 650 |
_927647 _aMicroelectromechanical systems. |
||
| 653 |
_bMec _cFebruary2012 |
||
| 700 |
_929009 _aMungurwadi, Vaishali B. |
||
| 700 |
_929010 _aNandi, Anil V. |
||
| 942 |
_2ddc _cBB |
||
| 999 |
_c16490 _d16490 |
||